000 00989nam a2200241 i 4500
001 190347
003 SpMaBN
005 20240410102239.0
008 201111s1976 sp |||| | spa d
080 _a860 Arolas, Juan(Sch, P.)1.06(043.2)
100 1 _aDíaz Larios, Luis F.
_944317
245 1 3 _aLa obra poética de Juan Arolas /
_cLuis Federico Díaz Larios.
260 _aBarcelona :
_bUniversidad de Barcelona, [Facultad de Filosofía y Letras],
_c[1976]
300 _a12 p. ;
_c25 cm.
502 _aTesis-Univ. Barcelona (Extracto)
594 _aPrecede al tít.: Universidad de Barcelona. Secretariado de Publicaciones, Intercambio Científico y Extensión Universitaria.
600 1 4 _aArolas, Juan (
_d1805-1849)
_923150
655 _aTesis y escritos académicos
_9226867
710 2 _aUniversidad de Barcelona.
_bFacultad de Filosofía y Letras.
_97149
852 4 _aES-MaACL
_jP-1415 (99)
_9197555
_bR.68610
_cDEPO2
942 _2udc
999 _c190347
_d190347